000 00794na a2200265 4500
001 12799
003 MIRAKIL
005 20181213154825.0
008 160831b tu 000 0
020 _a9751936845
035 _a12799
040 _aMilas
_btur
_cTR-AnCHP
082 _a297.1229
_bA93 2005
090 _a297.1229 A93 2005
245 _aAyetler ve sureler arasındaki münasebet
_chazırlayan Mehmet Faik Yılmaz
260 _aAnkara
_bDiyanet İşleri Başkanlığı
_c2005
300 _aiv, 205 s.
_c24 sm
490 _aKaynak eserler
_v33
490 _aDiyanet İşleri Başkanlığı yayınları
_v634
504 _aKaynakça ve dizin var.
650 _aİslam dini
_xSureler
650 _aİslam dini
_xAyetler
700 _aYılmaz, Mehmet Faik
942 _2ddc
_cBKS
999 _c1531
_d1531